LEADER 01210nam a2200277 i 4500 001 000000157680 003 CaOOAMICUS 005 20070116000000.0 008 070116s1979 it u000 u ita u 013 $a135038 040 $aSeMil$bita 100 1 $aSeneca, Lucius Anneus,$d<4 a.C.-65 d.C.>.$0(OLS)http://semarc/name/764 245 12$aI dialoghi /$cLucio Anneo Seneca ; Introduzione, traduzione, prefazioni e note di Aldo Marastoni. 260 $aMilano :$bRusconi,$c1979. 300 $a596 p. ;$c22 cm. 490 0 $aI classici del pensiero. Sez. 1, Filosofia classica e tardo-antica 500 $aFondo Card. Giovanni Colombo. 650 4$aSeneca, Lucio Anneo <4 a.C.-65 d.C.> - Opere.$0(OLS)http://semarc/subject/4173 700 1 $aMarastoni, Aldo.$0(OLS)http://semarc/name/37025 830 2$aI classici del pensiero. Sez. 1, Filosofia classica e tardo-antica.$0(OLS)http://semarc/title/14210 850 $aSeMil 852 $aSeMil$W1$xVenegono$y1$m1O IV 144$j109358$B109358$CSeMilBibl$Z2$F118872 $81 941 1 $a3 961 $aLascito: Colombo Card. Giovanni 996 $6245$aI dialoghi$9(OLS)http://semarc/title/1377 996 $6260$aMilano :$bRusconi$9(OLS)http://semarc/publisher/30258 LEADER 01317nam a2200289 4500 001 000000350658 003 CaOOAMICUS 005 20220624152518.0 008 220624s2003 fr 000 u fre r 020 $a978-2-02-060387-4 040 $aSeMil$bita 100 1 $aWill, Édouard,$d<1920-1997>.$0(OLS)http://semarc/name/116061 245 10$aHistoire politique du monde hellénistique :$b(323-30 av. J.-C.) /$cÉdouard Will ; préface inédite de Pierre Cabanes. 264 1$aParis :$bSeuil,$c2003. 300 $aX, 650 p. ;$c18 cm 490 1 $aPoints. Histoire ;$v327 650 4$aStoria antica - Studi.$0(OLS)http://semarc/subject/4146 650 4$aEllenismo - Storia politica.$0(OLS)http://semarc/subject/52508 700 1 $aCabanes, Pierre,$d<1930- >.$0(OLS)http://semarc/name/116063 830 0$aPoints. Histoire ;$v327.$0(OLS)http://semarc/title/420350 850 $aSeMil 852 $aSeMil$W1$xVenegono$y1$m3S I 71$j234303$B241660$CSeMilBibl$Z2$F241660 $81 961 $aPerego don Stefano - Omaggio 996 $6020$a978-2-02-060387-4$9(OLS)http://semarc/number/296141 996 $6245$aHistoire politique du monde hellénistique :$b(323-30 av. J.-C.)$9(OLS)http://semarc/title/440459 996 $6264$aParis :$bSeuil$9(OLS)http://semarc/publisher/58039